Most Populous Maine Municipalities in 1820 - Statistics

General Stats
  • This quiz has been taken 4 times
  • The average score is 3 of 10
Answer Stats
Population County Status Municipality % Correct
3,026 Lincoln Town Bath
75%
8,581 Cumberland Town Portland
75%
3,224 York Town York
50%
2,736 York Town Berwick
25%
2,931 Cumberland Town Brunswick
25%
2,795 Cumberland Town Gorham
25%
2,946 Lincoln Town Bristol
0%
2,919 Kennebec Town Hallowell
0%
3,679 Cumberland Town North Yarmouth
0%
2,815 York Town Shapleigh
0%
No matching quizzes found
Score Distribution
Percent of People with Each Score
Percentile by Number Answered
Your Score History
You have not taken this quiz